000 00482nam a2200205Ia 4500
003 OSt
005 20220918230957.0
006 a|||||r|||| 00| 0
007 ta
008 220917b |||||||| |||| 00| 0 eng d
024 _a262,021
037 _cTextual
040 _aARTS
_cARTS
_beng
041 _2eng
_aeng
082 _aO5921,2MPx, L5
245 0 _aperpessicius opere
260 _c1975
942 _hO5921,2MPx, L5
_cTEXL
_2CC
999 _c289460
_d289460